| 000 | 00533nam a22001577a 4500 | ||
|---|---|---|---|
| 003 | macl | ||
| 005 | 20191217133150.0 | ||
| 008 | 191217b xxu||||| |||| 00| 0 eng d | ||
| 040 | _cmacl | ||
| 082 | _a891.433/CHO/S | ||
| 100 |
_aसुभद्रा कुमारी चौहान _974306 |
||
| 245 | _aसुभागी तथा अन्य कहानियॉं | ||
| 260 |
_aदिल्ली _bआकाश गंगा प्रकाशन _c2019 |
||
| 650 |
_aकहानी _977565 |
||
| 942 |
_2ddc _cHIN |
||
| 999 |
_c61590 _d61590 |
||